| 000 | 00696cam a22002533a 4500 | ||
|---|---|---|---|
| 001 | 32631 | ||
| 003 | PGUSA | ||
| 005 | 20140828083715.0 | ||
| 008 | 100531s2010||||xxu|||||s|||||000 1 eng d | ||
| 040 |
_aPGUSA _beng |
||
| 042 | _adc | ||
| 050 | 4 | _aPS | |
| 100 | 1 | _aMorehart, Malcolm B. | |
| 245 | 1 | 0 |
_aRestricted Tool _h[electronic resource] / _cMalcolm B. Morehart |
| 260 |
_bProject Gutenberg, _c2010 |
||
| 506 | _aPublic domain in the USA. | ||
| 516 | _aElectronic text | ||
| 653 | _aShort stories | ||
| 653 | _aScience fiction | ||
| 653 | _aHuman-alien encounters -- Fiction | ||
| 830 | 0 |
_aProject Gutenberg _v32631 |
|
| 856 | 4 | 0 | _uhttp://www.gutenberg.org/ebooks/32631 |
| 942 | _cEB | ||
| 999 |
_c261886 _d261886 |
||